001890000a220007300045001000019000002450046000193000037000657730013001021 aGuiton, Gerard10aDevelopment education in primary schools? aNúm 28 (1990), Páginas 16-170 tTogether